Ganadores de Eurovisión con imágenes - Estadísticas

Estadísticas generales
  • Esta prueba ha sido intentada 12 veces
    2 desde el último reinicio
  • La puntuación promedio es 16 de 73
Estadísticas de respuestas
Imagen Hint Respuesta % Correcto
Suède - 1974 AꓭBA
100%
Suiza - 1988 Céline Dion
100%
Israel - 1998 Dana International
100%
Alemania - 2010 Lena
100%
Finlandia - 2006 Lordi
100%
Suecia - 2023 Loreen
100%
Suecia - 2012 Loreen
100%
Italia - 2021 Måneskin
100%
Israel - 2018 Netta
100%
Ucrania - 2004 Ruslana
100%
Suecia - 1991 Carola
50%
Austria - 2014 Conchita Wurst
50%
Bulgaria - 2026 Dara
50%
Países Bajos - 2019 Duncan Laurence
50%
Grecia - 2005 Helena Paparizou
50%
Reino Unido - 1997 Katrina and the Waves
50%
España - 1968 Massiel
50%
Suiza - 2024 Nemo
50%
España - 1969 Salomé
50%
Portugal - 2017 Salvador Sobral
50%
Italia - 1990 Toto Cutugno
50%
Noruega - 2009 Alexander Rybak
0%
Francia - 1958 André Claveau
0%
Luxembourg - 1973 Anne-Marie David
0%
Noruega - 1985 Bobbysocks!
0%
Reino Unido - 1976 Brotherhood of Man
0%
Reino Unido - 1981 Bucks Fizz
0%
Suecia - 1999 Charlotte Nilsson
0%
Luxemburgo - 1983 Corinne Hermès
0%
Países Bajos - 1957 Corry Brokken
0%
Irlande - 1970 Dana
0%
Rusia - 2008 Dima Bilan
0%
Irlanda - 1996 Eimear Quinn
0%
Azerbaiyán - 2011 Ell/Nikki
0%
Dinamarca - 2013 Emmelie de Forest
0%
Luxemburgo - 1965 France Gall
0%
Francia - 1969 Frida Boccara
0%
Italia - 1964 Gigliola Cinquetti
0%
Dinamarca - 1963 Grethe Ingmann/Jørgen Ingmann
0%
Suecia - 1984 Herreys
0%
Francia - 1962 Isabelle Aubret
0%
Israel - 1978 Izhar Cohen and the Alphabeta
0%
Francia - 1960 Jacqueline Boyer
0%
Ucrania - 2016 Jamala
0%
Luxemburgo - 1961 Jean-Claude Pascal
0%
Austria - 2025 JJ
0%
Irlanda - 1987 Johnny Logan
0%
Irlanda - 1980 Johnny Logan
0%
Ucrania - 2022 Kalush Orchestra
0%
Países Bajos - 1969 Lenny Kuhr
0%
Irlanda - 1992 Linda Martin
0%
Reino Unido - 1969 Lulu
0%
Suiza - 1956 Lys Assia
0%
Suecia - 2015 Måns Zelmerlöw
0%
Francia - 1977 Marie Myriam
0%
Letonia - 2002 Marie N
0%
Serbia - 2007 Marija Šerifović
0%
Israel - 1979 Milk and Honey
0%
Irlanda - 1993 Niamh Kavanagh
0%
Alemania - 1982 Nicole
0%
Dinamarca - 2000 Olsen Brothers
0%
Irlanda - 1994 Paul Harrington/Charlie McGettigan
0%
Yugoslavia - 1989 Riva
0%
Reino Unido - 1967 Sandie Shaw
0%
Bélgica - 1986 Sandra Kim
0%
Noruega - 1995 Secret Garden
0%
Turquía - 2003 Sertab Erener
0%
Monaco - 1971 Séverine
0%
Estonia - 2001 Tanel Padar/Dave Benton/2XL
0%
Países Bajos - 1975 Teach-In
0%
Países Bajos - 1959 Teddy Scholten
0%
Austria - 1966 Udo Jürgens
0%
Luxembourg - 1972 Vicky Leandros
0%
No se encontraron pruebas coincidentes
Distribución de puntuación
Porcentaje de gente con cada puntuación
Porcentaje por número respondido
Historial de tus puntuaciones
No has intentado esta prueba desde el último reinicio